000 00464nam a2200181Ia 4500
005 20250326130100.0
008 250326s9999 xx 000 0 und d
037 _aTextbook
040 _aFMSL
_beng
_cFMSL
041 _aeng
_2eng
084 _qFMSL
100 _aMitchell E
_9702552
245 0 _aDirector's and comp. sec.handbook
_cMitchell E
260 _aLondon
_bLondon, Business
_c1975
300 _a410p
942 _cTB
999 _c1280833
_d1280833